<?xml version="1.0" encoding="UTF-8"?>
<collection xmlns="http://www.loc.gov/MARC21/slim">
 <record>
  <leader>00512na  a2200193   4500</leader>
  <controlfield tag="001">000032820</controlfield>
  <controlfield tag="003">8944</controlfield>
  <controlfield tag="005">20220608091335.0</controlfield>
  <controlfield tag="008">151002s2011                  000</controlfield>
  <datafield tag="082" ind1=" " ind2=" ">
   <subfield code="a">420.30</subfield>
   <subfield code="b">BU-L</subfield>
  </datafield>
  <datafield tag="100" ind1=" " ind2=" ">
   <subfield code="a">Bùi Thị Phương Lan</subfield>
  </datafield>
  <datafield tag="245" ind1=" " ind2="0">
   <subfield code="a">Quan hệ Việt Nam - Hoa Kỳ 1994-2010 /</subfield>
   <subfield code="c">Bùi Thị Phương Lan.</subfield>
  </datafield>
  <datafield tag="260" ind1=" " ind2=" ">
   <subfield code="c">2011.</subfield>
  </datafield>
  <datafield tag="OWN" ind1=" " ind2=" ">
   <subfield code="a">LNN</subfield>
  </datafield>
  <datafield tag="999" ind1=" " ind2=" ">
   <subfield code="a">From the UDN01</subfield>
  </datafield>
  <datafield tag="TYP" ind1=" " ind2=" ">
   <subfield code="a">Printed language</subfield>
  </datafield>
  <datafield tag="980" ind1=" " ind2=" ">
   <subfield code="a">Mạng thư viện Đại học Đà Nẵng</subfield>
  </datafield>
 </record>
</collection>
